Learning Resource and Development

How to read a financial report : (Record no. 26421)

MARC details
000 -LEADER
fixed length control field 02764nam a2200313 i 4500
003 - CONTROL NUMBER IDENTIFIER
control field CSPC
005 - DATE AND TIME OF LATEST TRANSACTION
control field 20231124094725.0
008 - FIXED-LENGTH DATA ELEMENTS--GENERAL INFORMATION
fixed length control field 231110s2020 nju 001 0 eng
010 ## - LIBRARY OF CONGRESS CONTROL NUMBER
LC control number 2019035972
020 ## - INTERNATIONAL STANDARD BOOK NUMBER
International Standard Book Number 9781119606468
Qualifying information (paperback)
040 ## - CATALOGING SOURCE
Transcribing agency CSPC
Original cataloging agency CSPC
Language of cataloging eng
050 00 - LIBRARY OF CONGRESS CALL NUMBER
Classification number HF5681.B2
Item number T733 2020
082 00 - DEWEY DECIMAL CLASSIFICATION NUMBER
Classification number 657.3
Item number T674h
Edition number 23
100 1# - MAIN ENTRY--PERSONAL NAME
Personal name Tracy, John A.,
Relator term author.
245 10 - TITLE STATEMENT
Title How to read a financial report :
Remainder of title essential information for entrepreneurs, lenders, investors, analysts, and management /
Statement of responsibility, etc. John A. Tracy and Tage C. Tracy.
250 ## - EDITION STATEMENT
Edition statement Ninth edition
264 #1 - PRODUCTION, PUBLICATION, DISTRIBUTION, MANUFACTURE, AND COPYRIGHT NOTICE
Place of production, publication, distribution, manufacture Hoboken, New Jersey :
Name of producer, publisher, distributor, manufacturer John Wiley & Sons, Inc.,
Date of production, publication, distribution, manufacture, or copyright notice 2020.
300 ## - PHYSICAL DESCRIPTION
Extent x, 187 pages ;
Dimensions 17 x 25 cm.
336 ## - CONTENT TYPE
Source rdacontent
Content type term text
337 ## - MEDIA TYPE
Source rdamedia
Media type term unmediated
338 ## - CARRIER TYPE
Source rdacarrier
Carrier type term volume
500 ## - GENERAL NOTE
General note Includes index.
505 ## - FORMATTED CONTENTS NOTE
Formatted contents note Starting with cash flows -- Two bedrock financial statements -- Reporting cash flows -- Fitting together financial statements -- Sales revenue and accounts receivable -- Cost of goods sold expense and inventory -- Inventory and accounts payable -- Operating expenses and accounts payable -- Operating expenses and prepaid expenses -- Depreciation expense and property, plant, and equipment -- Accruing liability for unpaid expenses -- Income tax expense and its liability -- Net income and retained earnings, and earnings per share (EPS) -- Cash flow from operating (profit seeking) activities -- Cash flows from investing and financing activities -- Footnotes and management discussions -- Financial statement ratios and analysis -- Financial engineering -- CPAs and financial reports -- Basic questions, basic answers.
520 ## - SUMMARY, ETC.
Summary, etc. "Financial reports provide vital information to investors, lenders, and managers. Yet, the financial statements in a financial report seem to be written in a foreign language that only accountants can understand. This new Ninth Edition of How to Read a Financial Report breaks through that language barrier, clears away the fog, and offers a plain-English user's guide to financial reports. Lurking somewhere amidst all the figures in a financial report is vitally important information about where a company has been and where it is headed. But without a guide to isolate and interpret those numbers, the dizzying array of columns and rows doesn't add up to anything. That's why thousands of professionals and savvy individuals have referred to this bestselling resource that shows anyone how to make sense of the numbers"-- Provided by publisher.
650 #0 - SUBJECT ADDED ENTRY--TOPICAL TERM
Topical term or geographic name entry element Financial statements.
700 1# - ADDED ENTRY--PERSONAL NAME
Personal name Tracy, Tage C.,
Relator term author.
942 ## - ADDED ENTRY ELEMENTS (KOHA)
Source of classification or shelving scheme Dewey Decimal Classification
Koha item type Books
Classification part 657.3
Call number prefix GRD
Call number suffix 2020
Suppress in OPAC No
Holdings
Withdrawn status Lost status Source of classification or shelving scheme Damaged status Not for loan Home library Current library Shelving location Date acquired Total Checkouts Full call number Barcode Date last seen Copy number Price effective from Koha item type
    Dewey Decimal Classification     Main Library Main Library Graduate School Library 11/10/2023   GRD 657.3 T674h 2020 026381 11/10/2023 1-1 11/10/2023 Books